<?xml version="1.0" encoding="UTF-8"?><?xml-stylesheet type="text/xsl" href="static/style.xsl"?><OAI-PMH xmlns="http://www.openarchives.org/OAI/2.0/" xmlns:xsi="http://www.w3.org/2001/XMLSchema-instance" xsi:schemaLocation="http://www.openarchives.org/OAI/2.0/ http://www.openarchives.org/OAI/2.0/OAI-PMH.xsd"><responseDate>2026-04-13T06:48:17Z</responseDate><request verb="GetRecord" identifier="oai:www.recercat.cat:2445/223342" metadataPrefix="marc">https://recercat.cat/oai/request</request><GetRecord><record><header><identifier>oai:recercat.cat:2445/223342</identifier><datestamp>2025-12-05T01:45:00Z</datestamp><setSpec>com_2072_1057</setSpec><setSpec>col_2072_478857</setSpec><setSpec>col_2072_478917</setSpec></header><metadata><record xmlns="http://www.loc.gov/MARC21/slim" xmlns:dcterms="http://purl.org/dc/terms/" xmlns:xsi="http://www.w3.org/2001/XMLSchema-instance" xmlns:doc="http://www.lyncode.com/xoai" xsi:schemaLocation="http://www.loc.gov/MARC21/slim http://www.loc.gov/standards/marcxml/schema/MARC21slim.xsd">
   <leader>00925njm 22002777a 4500</leader>
   <datafield ind2=" " ind1=" " tag="042">
      <subfield code="a">dc</subfield>
   </datafield>
   <datafield ind2=" " ind1=" " tag="720">
      <subfield code="a">Sales Carbonell, Jordina</subfield>
      <subfield code="e">author</subfield>
   </datafield>
   <datafield ind2=" " ind1=" " tag="720">
      <subfield code="a">Sancho i Planas, Marta</subfield>
      <subfield code="e">author</subfield>
   </datafield>
   <datafield ind2=" " ind1=" " tag="260">
      <subfield code="c">2025-09-22T17:55:09Z</subfield>
   </datafield>
   <datafield ind2=" " ind1=" " tag="260">
      <subfield code="c">2025-09-22T17:55:09Z</subfield>
   </datafield>
   <datafield ind2=" " ind1=" " tag="260">
      <subfield code="c">2023</subfield>
   </datafield>
   <datafield ind2=" " ind1=" " tag="260">
      <subfield code="c">2025-09-22T17:55:09Z</subfield>
   </datafield>
   <datafield ind2=" " ind1=" " tag="520">
      <subfield code="a">[spa] Els darrers anys, ha sorgit amb força un debat sobre la identificació arquitectònica i arqueològica dels primers espais monàstics a Catalunya, aquells que les fonts literàries tardoantigues comencen a mencionar a partir del baix Imperi romà (s. iv i v), i a descriure i ubicar topogràficament —encara que sempre de manera indirecta i molt genèrica— a partir d’època visigòtica (s. vi‑vii). Certament, saber quins, on i com eren aquests primers monestirs és un dels grans reptes que es planteja l’arqueologia del primer cristianisme a casa nostra.1&lt;/p>&lt;p>Abstract&lt;/p>&lt;p>In recent years, a debate has emerged strongly about the architectural and archaeological identification of the first monastic spaces in Catalonia, those that the late antique literary sources begin to mention from the Late Roman Empire (4th and 5th centuries), and to describe and to locate topographically —although always indirectly and very generically— from the Visigothic period (6th‑7th centuries). Certainly, knowing which, where and what these first monasteries were like is one of the great challenges posed by the archaeology of early Christianity in our country.&#xd;
[eng] In recent years, a debate has emerged strongly about the architectural and archaeological identification of the first monastic spaces in Catalonia, those that the late antique literary sources begin to mention from the Late Roman Empire (4th and 5th centuries), and to describe and to locate topographically —although always indirectly and very generically— from the Visigothic period (6th‑7th centuries). Certainly, knowing which, where and what these first monasteries were like is one of the great challenges posed by the archaeology of early Christianity in our country.</subfield>
   </datafield>
   <datafield tag="653" ind2=" " ind1=" ">
      <subfield code="a">Història antiga</subfield>
   </datafield>
   <datafield tag="653" ind2=" " ind1=" ">
      <subfield code="a">Arqueologia cristiana</subfield>
   </datafield>
   <datafield tag="653" ind2=" " ind1=" ">
      <subfield code="a">Topografia</subfield>
   </datafield>
   <datafield tag="653" ind2=" " ind1=" ">
      <subfield code="a">Edat mitjana</subfield>
   </datafield>
   <datafield tag="653" ind2=" " ind1=" ">
      <subfield code="a">Arquitectura</subfield>
   </datafield>
   <datafield tag="653" ind2=" " ind1=" ">
      <subfield code="a">Monestirs</subfield>
   </datafield>
   <datafield tag="653" ind2=" " ind1=" ">
      <subfield code="a">Ancient history</subfield>
   </datafield>
   <datafield tag="653" ind2=" " ind1=" ">
      <subfield code="a">Christian archaeology</subfield>
   </datafield>
   <datafield tag="653" ind2=" " ind1=" ">
      <subfield code="a">Topography</subfield>
   </datafield>
   <datafield tag="653" ind2=" " ind1=" ">
      <subfield code="a">Middle Ages</subfield>
   </datafield>
   <datafield tag="653" ind2=" " ind1=" ">
      <subfield code="a">Architecture</subfield>
   </datafield>
   <datafield tag="653" ind2=" " ind1=" ">
      <subfield code="a">Monasteries</subfield>
   </datafield>
   <datafield ind2="0" ind1="0" tag="245">
      <subfield code="a">Espais i estructures en els establiments monàstics de l'antiguitat tardana i la primerenca edat mitjana: reptes d’identificació i tipificació</subfield>
   </datafield>
   <datafield ind2="0" ind1="0" tag="245">
      <subfield code="a">Spaces and structures in monastics establishments of late antiquity and the early middle ages. Challenge of identification and typification</subfield>
   </datafield>
</record></metadata></record></GetRecord></OAI-PMH>